| 000 | 01058cam a2200253 i 4500 | ||
|---|---|---|---|
| 020 | _a9780429266270 | ||
| 040 | _cDLC | ||
| 082 | 0 | 0 | _a341 AN 2018 C138 Or. |
| 245 | 0 | 0 | _aRiver basin organizations in water diplomacy / |
| 300 | _a1 online resource. | ||
| 490 | 0 | _aGlobal institutions | |
| 520 | _a"This book addresses RBOs' role in water diplomacy and conflict management in the broader context of cooperation over shared water resources. Through a theoretical framework, global overview and numerous case studies, it examines what role RBOs can and have played in addressing disagreements and conflicts and which approaches, tools and processes they have used in doing so"-- | ||
| 650 | 0 | _aWatershed management | |
| 650 | 0 | _aInternational rivers | |
| 650 | 0 | _aWater rights (International law) | |
| 650 | 0 | _aWater-supply | |
| 650 | 0 | _aWater resources development | |
| 650 | 0 | _aWatershed management | |
| 650 | 0 | _aWatershed management | |
| 650 | 0 | _aDiplomacy | |
| 700 | 1 | _aKittikhoun, Anoulak, | |
| 700 | 1 | _aSchmeier, Susanne, | |
| 942 | _cKB | ||
| 999 |
_c19711 _d19711 |
||